000 00886nam a2200277 i 4500
001 176260
003 ES-MaACL
005 20250702193904.0
007 t|
008 101228s1947 fr ||||1| fre d
080 _a94(44)"1789/1815"
080 _a929 Napoleón I
100 1 _aVillat, Louis.
_9115163
245 1 3 _aLa Révolution et l'Empire (1789-1815).
_nII,
_pNapoléon (1799-1815) /
_cpar Louis Villat.
250 _a3e éd.
260 _aParis :
_bPresses Universitaires de France,
_c1947.
300 _aCVIII, 357 p. ;
_c19 cm.
490 1 _aClio, introduction aux études historiques ;
_v8
500 _aÍndice.
504 _aBibliografía: p. IL-CVIII.
546 _aTexto en francés.
650 4 _a
_9241200
830 0 _aClio, introduction aux études historiques ;
_v8
_9189992
852 _aES-MaACL
_jE-13923
_xOlim P-671
999 _c176260
_d176260